Zariaďte, aby sa
| Main Authors: | , , |
|---|---|
| Format: | Software eBook |
| Language: | Slovak Czech English |
| PhysicalDescription: | 1 elektronický optický disk (CD-ROM) fareb. 12 cm |
| Published: |
[Bytča]
DRUSKA BOOKS
[2013]
|
| ISBN: | 9788089646005 9788097119829 9788097119836 9788097119843 9788097119867 9788097119874 9788097119881 |
| Subjects: |
MARC
| LEADER | 00000nam a2200000 a 4500 | ||
|---|---|---|---|
| 001 | vtls010546954 | ||
| 003 | SK-MaSNL | ||
| 005 | 20260301090205.0 | ||
| 007 | co cg auuua | ||
| 008 | 240318p2013 xo | gs 000 1 slo | ||
| 015 | |a SNBS2015 | ||
| 020 | |a 9788089646005 |q (elektronická kniha) | ||
| 020 | |a 9788097119829 |q (elektronická kniha) | ||
| 020 | |a 9788097119836 |q (elektronická kniha) | ||
| 020 | |a 9788097119843 |q (elektronická kniha) | ||
| 020 | |a 9788097119867 |q (elektronická kniha) | ||
| 020 | |a 9788097119874 |q (elektronická kniha) | ||
| 020 | |a 9788097119881 |q (elektronická kniha) | ||
| 040 | |a SNK |b slo |c SNK |e AACR2 | ||
| 041 | 0 | |a slo |a cze |a eng | |
| 044 | |a xo |c SK | ||
| 072 | 7 | |a 821.162.4-1 |x Slovenská poézia |2 konspekt | |
| 072 | 7 | |a 821.162.4-3 |x Slovenská próza |2 konspekt | |
| 080 | |a (0:82-84) |2 2001 | ||
| 080 | |a 821.162.4-1 |2 2001 | ||
| 080 | |a 82-93 |2 2001 | ||
| 080 | |a 821.162.4-3 |2 2001 | ||
| 080 | |a (0.034.44) |2 2001 | ||
| 100 | 1 | |a Druska, Peter |4 aut |9 417548 | |
| 245 | 1 | 0 | |a Zariaďte, aby sa |h elektronický zdroj |c Peter Druska. Christmas tree / Peter Druska. Vianočný stromček / Peter Druska. Vánoční stromeček / Peter Druska. Zablatená princezná / Mária Nováková. Príbeh o dúhovom duchovi / Peter Druska. Pohádky ke čtení / Stanislav Hoferek |
| 260 | |a [Bytča] |b DRUSKA BOOKS |c [2013] | ||
| 300 | |a 1 elektronický optický disk (CD-ROM) |b fareb. |c 12 cm | ||
| 500 | |a Dokument obsahuje 7 diel od rôznych autorov | ||
| 500 | |a Názov z titulnej obrazovky | ||
| 516 | |a Textový dokument, súbory vo formáte E pub, I books | ||
| 538 | |a Technické požiadavky: softvér na čítanie | ||
| 546 | |a Text čiast. aj angl., čes. | ||
| 650 | 0 | 7 | |a Výroky |2 SNKPH |9 390332 |
| 655 | 7 | |a elektronické zdroje |2 SNKPH |9 90954 | |
| 655 | 7 | |a CD-ROM |2 SNKPH |9 70236 | |
| 655 | 7 | |a slovenská poézia |2 SNKPH |9 70444 | |
| 655 | 7 | |a literatúra pre deti |2 SNKPH |9 87135 | |
| 655 | 7 | |a slovenská próza |2 SNKPH |9 104890 | |
| 655 | 7 | |a Slovak poetry |2 SNKPHeng |9 265010 | |
| 655 | 7 | |a Children's literature |2 SNKPHeng |9 276039 | |
| 655 | 7 | |a Slovak prose |2 SNKPHeng |9 278617 | |
| 655 | 7 | |a Electronic resources |2 SNKPHeng |9 175546 | |
| 700 | 1 | 2 | |a Druska, Peter. |t Príbeh o dúhovom duchovi |4 aut |9 417549 |
| 700 | 1 | 2 | |a Nováková, Mária. |t Zablatená princezná |4 aut |9 417550 |
| 700 | 1 | 2 | |a Hoferek, Stanislav. |t Pohádky ke čtení |4 aut |9 417551 |
| 700 | 1 | 2 | |a Druska, Peter. |t Christmas tree |4 aut |9 417552 |
| 700 | 1 | 2 | |a Druska, Peter. |t Vianočný stromček |4 aut |9 417553 |
| 700 | 1 | 2 | |a Druska, Peter. |t Vánoční stromeček |4 aut |9 417554 |
| 919 | |a 978-80-89646-00-5 | ||
| 919 | |a 978-80-971198-2-9 | ||
| 919 | |a 978-80-971198-3-6 | ||
| 919 | |a 978-80-971198-4-3 | ||
| 919 | |a 978-80-971198-6-7 | ||
| 919 | |a 978-80-971198-7-4 | ||
| 919 | |a 978-80-971198-8-1 | ||
| 958 | |a LX | ||
| 958 | |a DB | ||
| 999 | |c 667592 |d 669522 | ||
| 952 | |a SNK |b SNK |y PREZ |7 0 |p 17A1090489 |o snkSCDM 5502 |i snk2013/23071 |8 0 |0 0 |1 0 |4 0 |d 2013-09-30 |l 0 |r 2026-02-23 19:15:28 |w 2026-02-23 | ||


